000 00669nam a2200241Ia 4500
005 20260121111818.0
008 1033 260114s9999 xx 000 0 eng d
020 _a9789812833303
037 _aEBOOK
040 _aCRL
_beng
_cCRL
041 _aeng
_2eng
084 _qCRL
100 _aKadereit Suzanne Et Al
_9947689
245 0 _aUmbilical Cord Blood: a Future for Regenerative Medicine?
260 _bWorld Scientific
260 _bWSPC
260 _c2010
650 _aLife Sciences / Biology
_9947690
856 _uhttps://www.worldscientific.com/worldscibooks/10.1142/6952#t=toc
942 _cEBOOK
999 _c1538333
_d1538333